| 000 | 00391nam a2200157 4500 | ||
|---|---|---|---|
| 020 | _a040870070X | ||
| 050 | 0 | 0 |
_aQD553 _b.D44 1971 |
| 100 | 1 | _aDenaro, A. R. | |
| 245 | 1 | 0 |
_aElementary electrochemistry _c[by] A. R. Denaro. |
| 250 | _a2nd ed. | ||
| 260 |
_aLondon, _bButterworths, _c1971. |
||
| 300 | _aviii, 246 p. | ||
| 500 | _aIncludes index. | ||
| 650 | 0 | _xelectrochemistry | |
| 942 | _cGEN | ||
| 999 |
_c2136 _d2136 |
||